Normal view
MARC view
Entry Topical Term
001 - CONTROL NUMBER
- control field: 183445
003 - CONTROL NUMBER IDENTIFIER
- control field: OSt
005 - DATE AND TIME OF LATEST TRANSACTION
- control field: 20241028113455.0
008 - FIXED-LENGTH DATA ELEMENTS
- fixed length control field: 241028|| aca||aabn | a|a d
040 ## - CATALOGING SOURCE
- Original cataloging agency: OSt
- Transcribing agency: OSt
150 ## - HEADING--TOPICAL TERM
- Topical term or geographic name entry element: South Kanara
670 ## - SOURCE DATA FOUND
- Source citation: Work cat.: (OSt)118962: BHAT (P Gururaja) 183443, History and culture of south India: discoveries in coastal Karnataka Vol I, 2010